U.S. Cities with the Highest Black Population - Statistics

General Stats
  • This quiz has been taken 115 times
  • The average score is 13 of 15
Answer Stats
Black Population Answer % Correct
3.7M New York
99%
2.1M Atlanta
98%
1.6M Chicago
97%
967k Los Angeles
97%
1.4M Houston
96%
1.4M Miami
95%
1.4M Philadelphia
93%
1.3M Dallas
92%
969k Detroit
91%
1.7M Washington, D.C.
91%
843k Baltimore
82%
646k Memphis
80%
629k Charlotte
78%
518k St. Louis
78%
557k Norfolk
36%
No matching quizzes found
Score Distribution
Percent of People with Each Score
Percentile by Number Answered
Your Score History
You have not taken this quiz